Река Сулак и перспективы снабжения электрической энергией Баку и Грозного с промыслами и Дагестанской промышленности (Запись № 5706780)

Подробности
000 -МАРКЕР
контрольное поле 01502nam0a22002531 4500
001 - ИДЕНТИФИКАТОР ЗАПИСИ
контрольное поле rc\2582801
005 - ИДЕНТИФИКАТОР ВЕРСИИ
контрольное поле 20260406091657.0
035 ## - ДРУГИЕ СИСТЕМНЫЕ НОМЕРА
Идентификатор записи (NLR Aleph) 006747233
100 ## - ДАННЫЕ ОБЩЕЙ ОБРАБОТКИ
Данные общей обработки 20110914d1927 |||y0rusy50 ca
101 0# - ЯЗЫК РЕСУРСА
Язык текста, звукозаписи и т.д. русский
102 ## - СТРАНА ПУБЛИКАЦИИ ИЛИ ПРОИЗВОДСТВА
Страна публикации Российская Федерация
105 ## - ПОЛЕ КОДИРОВАННЫХ ДАННЫХ: ТЕКСТОВЫЕ МАТЕРИАЛЫ, МОНОГРАФИЧЕСКИЕ
Кодированные данные о монографическом текстовом документе abe z |||c|
200 1# - ЗАГЛАВИЕ И СВЕДЕНИЯ ОБ ОТВЕТСТВЕННОСТИ
Основное заглавие Река Сулак и перспективы снабжения электрической энергией Баку и Грозного с промыслами и Дагестанской промышленности
Сведения, относящиеся к заглавию (Краткий очерк, составленный по данным изысканий с мая по октябрь 1927 г.)
Первые сведения об ответственности Составил инж. Н. И. Анисимов
Последующие сведения об ответственности Д.С.С.Р. Нар. ком. промышл. и торг. Отд. электрификации
210 ## - ПУБЛИКАЦИЯ, РАСПРОСТРАНЕНИЕ И ДР.
Место издания, распространения и т.д. [Махачкала]
Имя издателя, распространителя и т. д. Нар. ком. промышл. и торг. Д.С.С.Р.
Дата издания, распространения и т.д. 1927
Место изготовления [Москва]
Имя изготовителя Мосполиграф - тип. "Заря коммунизма"
215 ## - ФИЗИЧЕСКАЯ ХАРАКТЕРИСТИКА
Специфическое обозначение материала и объем 40 с., [1] вклад. л. план.
Другие сведения о физической характеристике ил., черт., граф., карт.
Размеры 26х18 см.
300 ## - ОБЩИЕ ПРИМЕЧАНИЯ
Текст примечания Предисловие: Нажмуддин Самурский (Эфендиев)
700 #1 - ИМЯ ЛИЦА - ПЕРВИЧНАЯ ОТВЕТСТВЕННОСТЬ
Код отношения Автор
Графика поля Кириллица
Материалы, к которым относится поле rus
Начальный элемент ввода Анисимов
Часть имени, кроме начального элемента ввода Н. И.
Дополнения к именам, кроме дат инженер-гидростроитель
Расширение инициалов личного имени Николай Иванович
Системный номер авторитетной/нормативной записи 2671071
Идентификатор авторитетной/нормативной записи RU\NLR\AUTH\770282269
801 #0 - ИСТОЧНИК ЗАПИСИ
Страна Российская Федерация
Организация NLR
Правила каталогизации psbo
801 #1 - ИСТОЧНИК ЗАПИСИ
Страна Российская Федерация
Организация ELAR
Источник данных rusmarc
852 ## - МЕСТОНАХОЖДЕНИЕ И ШИФР ХРАНЕНИЯ
Идентификатор организации NLR
Шифр хранения (Call Number) 37.66.5.129
942 ## - ДОПОЛНИТЕЛЬНЫЕ ЭЛЕМЕНТЫ ЗАПИСИ (АБИС)
Тип экземпляра АБИС Книга
980 ## - КОЛЛЕКЦИЯ
Название коллекции Национальная библиография
Экземпляры
Тип экземпляра Дата поступления Библиотека постоянного хранения Библиотека текущего хранения Место хранения Шифр хранения Штрих-код Статус экземпляра
Книга 26.10.2013 РНБ (Садовая) РНБ (Садовая) Русский книжный фонд -Главное здание, Ленинский читальный зал 37.66.5.129 6747233-10